书目信息 |
| 题名: |
生物技术
|
|
| 作者: | 莽克强 编著 | |
| 分册: | ||
| 出版信息: | 北京 科学出版社 1984 |
|
| 页数: | 57页 | |
| 开本: | 19cm | |
| 丛书名: | 新技术革命丛书 | |
| 单 册: | ||
| 中图分类: | Q-1 | |
| 科图分类: | ||
| 主题词: | 生物技术 , 生物学--概况 , 生物学--现状 | |
| 电子资源: | ||
| ISBN: | ||
| 000 | 00708nam2 2200277 45 | |
| 001 | 0184009357 | |
| 005 | 20060811154355.15 | |
| 010 | @dCNY0.27 | |
| 091 | @a13031.2697 | |
| 100 | @a19950422d1984 em y0chiy0121 ea | |
| 101 | 0 | @achi |
| 102 | @aCN@b110000 | |
| 105 | @ay z 000yy | |
| 200 | 10 | @a生物技术@Asheng wu ji shu@f莽克强编著 |
| 210 | @a北京@c科学出版社@d1984 | |
| 215 | @a57页@d19cm | |
| 225 | 2 | @a新技术革命丛书 |
| 410 | 0 | @120010@a新技术革命丛书 |
| 606 | @a生物技术 | |
| 606 | 0 | @a生物学@x概况 |
| 606 | 0 | @a生物学@x现状 |
| 690 | @aQ-1@v3 | |
| 701 | 0 | @a莽克强@Amang ke qiang@4编著 |
| 801 | 2 | @aCN@bNLC@c20060811 |
| 801 | 0 | @aCN@b上海图书馆@c20040525 |
| 905 | @dQ-1@e2@f1@b109825 | |
| 生物技术/莽克强编著.-北京:科学出版社,1984 |
| 57页;19cm.-(新技术革命丛书) |
| ISBN :CNY0.27 |
| ● |
| 相关链接 |
|
|
|
|
正题名:生物技术
索取号:Q-1/2
 
预约/预借
| 序号 | 登录号 | 条形码 | 馆藏地/架位号 | 状态 | 备注 |
| 1 | 0109822 | 000075046 | 第三借阅区/ [索取号:Q-1/2] | 在馆 | |
| 2 | 0109823 | 000075037 | 第三借阅区/ [索取号:Q-1/2] | 在馆 | |
| 3 | 0109824 | 000075028 | 第三借阅区/ [索取号:Q-1/2] | 在馆 | |
| 4 | 0109825 | 001958661 | 第三借阅区/ [索取号:Q-1/2] | 在馆 | |
| 5 | 0109826 | 000075055 | 第二样本阅览室/ [索取号:Q-1/2] | 在馆 | |
| 6 | 0452259 | 204522597 | 密集书库/ [索取号:Q-1/2] | 在馆 |